00495nam a2200157 a 4500001000500000005001700005008004100022020001800063050002200081100001600103245009000119260004000209300003000249440002300279650003500302088220140414131849.0041004s19uu xx 00 eng d a1-56293-220-9 aM 597.9bN23 1992 aNayer, Judy aReptiles at your fingertips /cwritten by Judy Nayer ; illustrated by Grace Goldberg. aNew York :bMcClanahan Book,c1992. a1 v. (unp.) : ill. ; cm. aAt your fingertips aReptilesxJuvenile literature.